000 00331 a2200121 4500
040 _aDLC
_bDLC
100 _aIqbal, Allama M.
245 _aKulyaat-e-Iqbal
_cAllama M. Iqbal
_hUrdu
260 _aLahore:
_bServices Book Club,
_c1995.
300 _a710 p. ;
_c21 cm.
650 _aUrdu Literature-- Poetry.
942 _cBK
_k891.4391 IQB
_2ddc
999 _c9734
_d9734